[Event "SWE-chT2 1314"]
[Site "Sweden"]
[Date "2014.03.07"]
[Round "7"]
[White "Holving, Rasmus"]
[Black "Cramling Bellon, Anna"]
[Result "1-0"]
[WhiteElo "2199"]
[BlackElo "1505"]
[PlyCount "107"]
[EventDate "2013.11.22"]
[EventType "team-tourn"]
[EventRounds "9"]
[EventCountry "SWE"]
[SourceTitle "EXT 2015"]
[Source "ChessBase"]
[SourceDate "2014.11.20"]
[SourceVersion "1"]
[SourceVersionDate "2014.11.20"]
[SourceQuality "1"]
[WhiteTeam "Kungstornet"]
[BlackTeam "Sollentuna"]
[WhiteTeamCountry "SWE"]
[BlackTeamCountry "SWE"]

1. e4 c5 2. b3 e6 3. Bb2 Nf6 4. e5 Nd5 5. Ne2 Nc6 6. Na3 a6 7. Nc4 b5 8. Ne3 Nde7 9. a4 Bb7 10. axb5 axb5 11. Nc3 Ng6 12. Nxb5 Ngxe5 13. Rxa8 Bxa8 14. Qa1 f6 15. Qxa8 Qxa8 16. Nc7+ Kf7 17. Nxa8 Be7 18. Nb6 d5 19. f4 d4 20. Nec4 Nxc4 21. Bxc4 Na5 22. f5 Nxc4 23. fxe6+ Kxe6 24. Nxc4 g5 25. Ke2 Ra8 26. Kd3 f5 27. Re1+ Kf6 28. Nb6 Rd8 29. Kc4 Bd6 30. h3 h5 31. Ba3 g4 32. hxg4 hxg4 33. Bxc5 Bxc5 34. Kxc5 Kg5 35. g3 d3 36. c4 Rh8 37. Re3 Rh2 38. Rxd3 Rf2 39. Nd5 Rf3 40. Kd4 Rf1 41. c5 Re1 42. Re3 Rd1 43. Nf4 Rxd2+ 44. Kc3 Rd1 45. Kc2 Rf1 46. c6 Rxf4 47. gxf4+ Kxf4 48. Re1 g3 49. c7 Kf3 50. c8Q Kf2 51. Qxf5+ Kxe1 52. Qf3 g2 53. Kd3 g1Q 54. Qe2# 1-0

[Event "SWE-chT2 1314"]
[Site "Sweden"]
[Date "2013.11.23"]
[Round "2"]
[White "Holving, Rasmus"]
[Black "Bengtsson, Jonas"]
[Result "1-0"]
[WhiteElo "2199"]
[BlackElo "2096"]
[PlyCount "111"]
[EventDate "2013.11.22"]
[EventType "team-tourn"]
[EventRounds "9"]
[EventCountry "SWE"]
[SourceTitle "EXT 2015"]
[Source "ChessBase"]
[SourceDate "2014.11.20"]
[SourceVersion "1"]
[SourceVersionDate "2014.11.20"]
[SourceQuality "1"]
[WhiteTeam "Kungstornet"]
[BlackTeam "Manhem II"]
[WhiteTeamCountry "SWE"]
[BlackTeamCountry "SWE"]

1. Nc3 Nf6 2. e4 d5 3. exd5 Nxd5 4. Nge2 e6 5. d4 Be7 6. Nxd5 exd5 7. Ng3 0-0 8. Be2 Re8 9. 0-0 c6 10. Bf4 g6 11. Qd2 Nd7 12. Rae1 Nf8 13. Bd3 Ne6 14. Be3 Ng7 15. c3 Be6 16. Bh6 Qd7 17. Qc2 Bd6 18. Be3 Qc7 19. f4 f5 20. Qf2 Re7 21. Ne2 Ne8 22. Nc1 Nf6 23. h3 Ne4 24. Qf3 g5 25. g3 Rg7 26. Bxe4 fxe4 27. Qg2 gxf4 28. Bxf4 Bxf4 29. Rxf4 Qxf4 30. gxf4 Bxh3 31. Qxg7+ Kxg7 32. Kf2 Rg8 33. Rh1 Bf5 34. Ne2 Bg4 35. Ng3 Rh8 36. c4 h5 37. cxd5 cxd5 38. Nf1 Kf6 39. Ne3 Be6 40. Kg3 Bf7 41. Kh4 Rc8 42. Rg1 Rc6 43. Rg5 Rd6 44. Rf5+ Kg6 45. Rg5+ Kf6 46. Rf5+ Kg6 47. Re5 Kf6 48. a3 Rd8 49. Rf5+ Kg6 50. Rxh5 Kf6 51. Re5 Rd6 52. Ng4+ Kg6 53. f5+ Kg7 54. Re7 Kf8 55. Rxb7 Ra6 56. Kg5 1-0

[Event "Rilton Cup 40th"]
[Site "Stockholm"]
[Date "2011.01.03"]
[Round "7"]
[White "Holving, Rasmus"]
[Black "Bouaraba, Max"]
[Result "1-0"]
[WhiteElo "2211"]
[BlackElo "2219"]
[PlyCount "57"]
[EventDate "2010.12.27"]
[EventType "swiss"]
[EventRounds "9"]
[EventCountry "SWE"]
[SourceTitle "CBM 140 Extra"]
[Source "ChessBase"]
[SourceDate "2011.03.01"]
[SourceVersion "1"]
[SourceVersionDate "2011.03.01"]
[SourceQuality "1"]

1. b4 c6 2. Bb2 Qb6 3. a3 a5 4. c4 axb4 5. c5 Qd8 6. axb4 Rxa1 7. Bxa1 d6 8. e4 dxc5 9. bxc5 Qa5 10. Nc3 Qxc5 11. f4 Nf6 12. Be2 Qa5 13. Nf3 Bg4 14. h3 Bxf3 15. Bxf3 e6 16. 0-0 Be7 17. Qb3 b5 18. e5 Nfd7 19. f5 Nxe5 20. Ne4 Qc7 21. fxe6 f5 22. Bh5+ Kd8 23. Rxf5 Qa7+ 24. Kh2 Qxa1 25. Qg3 Rf8 26. Rxe5 Rf1 27. Nf2 Rxf2 28. Rxb5 Nd7 29. Rb8+ 1-0

[Event "Rilton Cup 40th"]
[Site "Stockholm"]
[Date "2010.12.31"]
[Round "5"]
[White "Holving, Rasmus"]
[Black "Bellon Lopez, Juan Manuel"]
[Result "0-1"]
[WhiteElo "2211"]
[BlackElo "2394"]
[PlyCount "78"]
[EventDate "2010.12.27"]
[EventType "swiss"]
[EventRounds "9"]
[EventCountry "SWE"]
[SourceTitle "CBM 140 Extra"]
[Source "ChessBase"]
[SourceDate "2011.03.01"]
[SourceVersion "1"]
[SourceVersionDate "2011.03.01"]
[SourceQuality "1"]

1. e4 c5 2. Nf3 e6 3. g3 a6 4. Bg2 d6 5. 0-0 Nf6 6. Re1 Qc7 7. c3 Be7 8. d4 0-0 9. dxc5 Qxc5 10. Be3 Qc7 11. Nbd2 Ng4 12. Qe2 Nxe3 13. Qxe3 Nd7 14. Nd4 Ne5 15. f4 Ng4 16. Qf3 e5 17. h3 exd4 18. hxg4 dxc3 19. bxc3 h6 20. Bf1 Bf6 21. Rac1 Be6 22. Kg2 Qa5 23. Rc2 Rac8 24. Rec1 b5 25. Be2 Rfe8 26. c4 b4 27. Nb3 Qb6 28. c5 dxc5 29. Nxc5 Bxa2 30. Rxa2 Rxc5 31. Rxa6 Qxa6 32. Rxc5 Qa2 33. Rb5 Rc8 34. Rxb4 Rc2 35. Kf2 Rc3 36. Qh1 Qa7+ 37. Kg2 Qe3 38. Qe1 Rc2 39. Kf1 Rc1 0-1

[Event "Rilton Cup 40th"]
[Site "Stockholm"]
[Date "2010.12.27"]
[Round "1"]
[White "Berczes, David"]
[Black "Holving, Rasmus"]
[Result "1-0"]
[WhiteElo "2526"]
[BlackElo "2211"]
[PlyCount "55"]
[EventDate "2010.12.27"]
[EventType "swiss"]
[EventRounds "9"]
[EventCountry "SWE"]
[SourceTitle "CBM 140 Extra"]
[Source "ChessBase"]
[SourceDate "2011.03.01"]
[SourceVersion "1"]
[SourceVersionDate "2011.03.01"]
[SourceQuality "1"]

1. d4 d5 2. Nf3 Nf6 3. c4 Bf5 4. cxd5 Bxb1 5. Qa4+ Qd7 6. Qxd7+ Nbxd7 7. Rxb1 Nb6 8. g3 Nbxd5 9. Bg2 e6 10. 0-0 c5 11. Bd2 Ne4 12. Be1 f5 13. Rc1 Rc8 14. Ne5 Bd6 15. Nd3 b6 16. f3 Nef6 17. e4 fxe4 18. fxe4 Ne3 19. e5 Nxf1 20. Bxf1 0-0 21. exd6 cxd4 22. Rxc8 Rxc8 23. Bh3 Kf7 24. Ne5+ Ke8 25. d7+ Nxd7 26. Bxe6 Rc5 27. Bxd7+ Kd8 28. Nd3 1-0

[Event "Rilton Cup 37th"]
[Site "Stockholm"]
[Date "2008.01.02"]
[Round "6"]
[White "Holving, Rasmus"]
[Black "Berczes, Csaba"]
[Result "0-1"]
[WhiteElo "2210"]
[BlackElo "2419"]
[PlyCount "112"]
[EventDate "2007.12.27"]
[EventType "swiss"]
[EventRounds "9"]
[EventCountry "SWE"]
[SourceTitle "CBM 122 Extra"]
[Source "ChessBase"]
[SourceDate "2008.03.04"]
[SourceVersion "1"]
[SourceVersionDate "2008.03.04"]
[SourceQuality "1"]

1. e4 c5 2. Nf3 Nc6 3. Bb5 g6 4. Bxc6 dxc6 5. d3 Bg7 6. Nc3 Nf6 7. h3 0-0 8. Be3 Nd7 9. Qd2 f6 10. Nh2 e5 11. 0-0 Rf7 12. f4 exf4 13. Bxf4 Nf8 14. Bh6 Bh8 15. Rae1 Bd7 16. Qf2 Ne6 17. Kh1 Qe7 18. Qg3 Nd4 19. Rf2 Bg7 20. Bxg7 Kxg7 21. Ref1 Raf8 22. Nf3 Bc8 23. Nxd4 cxd4 24. Ne2 c5 25. c3 dxc3 26. bxc3 c4 27. Nd4 cxd3 28. Qxd3 Re8 29. Re1 b6 30. Rfe2 Qc5 31. Qg3 Qe5 32. Qd3 Rc7 33. Re3 Bb7 34. Nf5+ Kf8 35. Nh6 Bc8 36. Nf5 Qc5 37. Nd4 Kg8 38. Qb5 Qxb5 39. Nxb5 Rd7 40. e5 fxe5 41. Rxe5 Rxe5 42. Rxe5 Kf7 43. Re2 Ba6 44. Rf2+ Ke6 45. a4 Bxb5 46. axb5 Rc7 47. Ra2 Kd5 48. c4+ Kd4 49. Kh2 Re7 50. Rc2 h5 51. Kg3 g5 52. Kf2 Kd3 53. Rc1 Rc7 54. Rd1+ Kc3 55. Rd6 Rc5 56. Rh6 h4 0-1

[Event "Rilton Cup 37th"]
[Site "Stockholm"]
[Date "2007.12.31"]
[Round "5"]
[White "Naslund, Mikael"]
[Black "Holving, Rasmus"]
[Result "0-1"]
[WhiteElo "2310"]
[BlackElo "2210"]
[PlyCount "128"]
[EventDate "2007.12.27"]
[EventType "swiss"]
[EventRounds "9"]
[EventCountry "SWE"]
[SourceTitle "CBM 122 Extra"]
[Source "ChessBase"]
[SourceDate "2008.03.04"]
[SourceVersion "1"]
[SourceVersionDate "2008.03.04"]
[SourceQuality "1"]

1. d4 Nf6 2. c4 e6 3. g3 d5 4. Bg2 Nbd7 5. Nf3 c6 6. Qc2 Bd6 7. 0-0 0-0 8. Bf4 Qc7 9. Bxd6 Qxd6 10. cxd5 exd5 11. Nc3 Re8 12. Nh4 Nf8 13. a3 Ng6 14. Nxg6 hxg6 15. b4 Bf5 16. Qd2 Qe6 17. Rfe1 Ne4 18. Nxe4 dxe4 19. e3 Bg4 20. Rec1 Rad8 21. Rc5 Rd5 22. Rac1 g5 23. Qb2 a6 24. a4 Ra8 25. Qc2 Bf3 26. Rxd5 cxd5 27. Qc7 Kh7 28. Qxb7 Rh8 29. Bf1 Qf5 30. Rc7 Kg6 31. Qc6+ f6 32. b5 g4 33. Qd7 Qxd7 34. Rxd7 axb5 35. axb5 Ra8 36. h3 gxh3 37. Bxh3 Ra1+ 38. Bf1 Be2 39. Rxd5 Bxf1 40. Kh2 Be2 41. b6 Rb1 42. g4 Bxg4 43. Kg3 Bf3 44. Rd6 Kf5 45. Rc6 g5 46. Rc5+ Kg6 47. Rc6 Rb5 48. Re6 Kf7 49. Rd6 Ke7 50. Rc6 Bh5 51. Rc7+ Kd6 52. Rb7 Be8 53. Kg4 Bd7+ 54. Kh5 Rb2 55. Ra7 Rxb6 56. Kg6 Ke7 57. Ra2 Rb5 58. Rc2 Ke6 59. Ra2 Rf5 60. Rc2 g4 61. Ra2 Rf3 62. Re2 g3 63. fxg3 Rxg3+ 64. Kh5 Kf7 0-1

[Event "Rilton Cup 37th"]
[Site "Stockholm"]
[Date "2007.12.29"]
[Round "3"]
[White "Grandelius, Nils"]
[Black "Holving, Rasmus"]
[Result "1-0"]
[WhiteElo "2377"]
[BlackElo "2210"]
[PlyCount "81"]
[EventDate "2007.12.27"]
[EventType "swiss"]
[EventRounds "9"]
[EventCountry "SWE"]
[SourceTitle "CBM 122 Extra"]
[Source "ChessBase"]
[SourceDate "2008.03.04"]
[SourceVersion "1"]
[SourceVersionDate "2008.03.04"]
[SourceQuality "1"]

1. d4 Nf6 2. c4 e6 3. Nf3 Bb4+ 4. Nbd2 Nc6 5. e3 Qe7 6. Bd3 e5 7. Nxe5 Nxe5 8. dxe5 Qxe5 9. 0-0 0-0 10. Nf3 Qh5 11. a3 Be7 12. Re1 d6 13. h3 Nd7 14. Nd4 Qxd1 15. Rxd1 Nc5 16. Bc2 Ne6 17. Ne2 Bf6 18. Rb1 Rd8 19. Bd2 d5 20. cxd5 Rxd5 21. Bc3 Rxd1+ 22. Rxd1 Bxc3 23. Nxc3 Kf8 24. f4 c6 25. Bxh7 g6 26. f5 Kg7 27. fxe6 Bxe6 28. Bxg6 Kxg6 29. Kf2 Kf5 30. Ne2 Ke5 31. Nf4 Bb3 32. Rd7 b6 33. g4 c5 34. Kf3 Kf6 35. h4 b5 36. g5+ Kg7 37. h5 b4 38. h6+ Kh7 39. Kg4 bxa3 40. bxa3 Kg8 41. g6 1-0

[Event "Salongernas Elo"]
[Site "Stockholm"]
[Date "1999.06.11"]
[Round "7"]
[White "Rylander, Dennis"]
[Black "Holving, Rasmus"]
[Result "1-0"]
[WhiteElo "2141"]
[BlackElo "2130"]
[PlyCount "81"]
[EventDate "1999.06.??"]
[EventType "tourn"]
[EventRounds "9"]
[EventCountry "SWE"]
[SourceTitle "CBM 070 Extra"]
[Source "ChessBase"]
[SourceDate "1999.07.10"]
[SourceVersion "1"]
[SourceVersionDate "1999.07.10"]
[SourceQuality "1"]

1. d4 Nf6 2. c4 c5 3. d5 b5 4. cxb5 a6 5. f3 e6 6. e4 c4 7. Bxc4 axb5 8. Bxb5 Bc5 9. Nc3 0-0 10. Nge2 Qb6 11. Bg5 exd5 12. Bxf6 gxf6 13. Qxd5 Bb7 14. Qf5 Ra5 15. a4 Na6 16. Nf4 Nc7 17. Nh5 Ne8 18. Nd5 Bxd5 19. exd5 Qxb5 20. axb5 Rxa1+ 21. Ke2 Rxh1 22. b4 Bd6 23. Nxf6+ Kg7 24. Kf2 Bxh2 25. g3 Ra1 26. Nxd7 Ra2+ 27. Ke3 Ra3+ 28. Kf4 Rg8 29. Qc2 Ra7 30. Nc5 Bg1 31. Qd1 Bf2 32. Qd2 Bg1 33. d6 Nf6 34. Qb2 Kg6 35. Qb1+ Kh6 36. Qxg1 Ra3 37. g4 Nh5+ 38. Ke4 Re8+ 39. Kd5 Nf6+ 40. Kc4 Kg7 41. b6 1-0

[Event "Salongernas Elo"]
[Site "Stockholm"]
[Date "1999.06.06"]
[Round "2"]
[White "Backelin, Rikard"]
[Black "Holving, Rasmus"]
[Result "1/2-1/2"]
[WhiteElo "2300"]
[BlackElo "2130"]
[PlyCount "151"]
[EventDate "1999.06.??"]
[EventType "tourn"]
[EventRounds "9"]
[EventCountry "SWE"]
[SourceTitle "CBM 070 Extra"]
[Source "ChessBase"]
[SourceDate "1999.07.10"]
[SourceVersion "1"]
[SourceVersionDate "1999.07.10"]
[SourceQuality "1"]

1. Nf3 b6 2. g3 Bb7 3. Bg2 e6 4. c4 g6 5. Nc3 Bg7 6. e4 Ne7 7. d4 d6 8. Be3 Nd7 9. h3 h6 10. Qd2 a6 11. Rc1 f5 12. d5 e5 13. b4 Nf6 14. Ng1 Rc8 15. Nge2 h5 16. Bg5 Nh7 17. Bh4 g5 18. Bxg5 Nxg5 19. Qxg5 Bh6 20. Qf6 Rh7 21. Rd1 Bg7 22. Qg5 Bh6 23. Qxh5+ Kd7 24. 0-0 Qg8 25. exf5 Rf8 26. Ne4 Nxf5 27. c5 Bc8 28. Qf3 Qg6 29. Qc3 Rg8 30. cxd6 cxd6 31. Qc6+ Ke7 32. Qxb6 Nh4 33. Qa7+ Bd7 34. Bh1 Rc8 35. Qb7 Rc2 36. Nc5 dxc5 37. Be4 Qh5 38. g4 Rg7 39. Ng3 Rxg4 40. hxg4 Qxg4 41. d6+ Kf6 42. Rd3 c4 43. Rf3+ Bf4 44. Re1 Rd2 45. Rc3 Rd3 46. Bxd3 Nf3+ 47. Qxf3 Qxf3 48. Bxc4 Qg4 49. Be2 Qg8 50. Bc4 Qg4 51. Bxa6 Bxg3 52. Rxg3 Qxb4 53. Rd1 Qa4 54. Be2 Qxa2 55. Kf1 e4 56. Re3 Qa4 57. Kg1 Kf5 58. Kg2 Qa2 59. Rd4 Qg8+ 60. Kf1 Qh8 61. Rd5+ Kf4 62. Ke1 Qa8 63. Rd4 Qa1+ 64. Rd1 Qg7 65. Bf1 Qg5 66. Be2 Qg1+ 67. Kd2 Qg5 68. Rc3 Qa5 69. Bc4 Qb4 70. Kc2 Ba4+ 71. Bb3 Bxb3+ 72. Rxb3 Qc4+ 73. Kb2 Qe2+ 74. Kc1 Qc4+ 75. Kb2 Qe2+ 76. Kc1 1/2-1/2

[Event "Salongernas Elo"]
[Site "Stockholm"]
[Date "1996.??.??"]
[Round "?"]
[White "Eriksson, Jorgen"]
[Black "Holving, Rasmus"]
[Result "1-0"]
[WhiteElo "2215"]
[BlackElo "2165"]
[PlyCount "103"]
[EventDate "1996.??.??"]
[EventType "tourn"]
[EventRounds "9"]
[EventCountry "SWE"]
[SourceTitle "EXT 1999"]
[Source "ChessBase"]
[SourceDate "1998.11.16"]
[SourceVersion "1"]
[SourceVersionDate "1998.11.16"]
[SourceQuality "1"]

1. c4 b5 2. cxb5 e5 3. Nc3 d5 4. d4 e4 5. Bf4 h5 6. h4 Be7 7. Qd2 Be6 8. Bg5 f6 9. Bf4 g5 10. hxg5 fxg5 11. Be3 g4 12. Bf4 Nd7 13. e3 Nb6 14. Qc2 Nf6 15. Nge2 h4 16. Be5 Rh6 17. Nf4 Nh5 18. Nxe6 Rxe6 19. Be2 Rg6 20. Nxe4 dxe4 21. Qxe4 Kf7 22. Qf5+ Nf6 23. Rxh4 Qc8 24. Rh7+ Rg7 25. Rxg7+ Kxg7 26. Qg5+ Kf7 27. Bxf6 Bxf6 28. Qh5+ Kg7 29. Bxg4 Qh8 30. Rc1 Qxh5 31. Bxh5 Bd8 32. Bf3 Rb8 33. b3 Nc8 34. a4 a6 35. Rc5 Kf7 36. bxa6 Rb6 37. a5 Rb8 38. Bb7 Na7 39. b4 c6 40. d5 cxd5 41. Bxd5+ Ke7 42. Bb7 Kd6 43. Rh5 Bc7 44. Rh6+ Ke7 45. Ke2 Bd6 46. Rh4 Rg8 47. Rh7+ Ke6 48. Bf3 Be7 49. Rh6+ Bf6 50. Rh5 Rb8 51. Bb7 Bc3 52. b5 1-0

[Event "Salongernas Elo"]
[Site "Stockholm"]
[Date "1996.??.??"]
[Round "?"]
[White "Holving, Rasmus"]
[Black "Berg, Susanne"]
[Result "1-0"]
[WhiteElo "2165"]
[BlackElo "2080"]
[PlyCount "75"]
[EventDate "1996.??.??"]
[EventType "tourn"]
[EventRounds "9"]
[EventCountry "SWE"]
[SourceTitle "EXT 1999"]
[Source "ChessBase"]
[SourceDate "1998.11.16"]
[SourceVersion "1"]
[SourceVersionDate "1998.11.16"]
[SourceQuality "1"]

1. e4 e5 2. Bc4 Nf6 3. f4 Nxe4 4. d3 Nd6 5. Bb3 e4 6. Nc3 e3 7. Bxe3 Nf5 8. Bf2 Bb4 9. Nf3 d5 10. 0-0 c6 11. Re1+ Kf8 12. a3 Bd6 13. Ne5 Nd7 14. Qf3 Nc5 15. Ba2 Ne6 16. Ne2 h5 17. d4 Nc7 18. c4 Be6 19. c5 Bxe5 20. fxe5 Qg5 21. h3 Qe7 22. Bb1 g6 23. b4 Kg7 24. Rf1 a5 25. bxa5 Rxa5 26. Ng3 Nxg3 27. Bxg3 Nb5 28. Qf4 h4 29. Be1 Rxa3 30. Rxa3 Nxa3 31. Bd3 Nc4 32. Qc1 Rh5 33. Rf6 Bf5 34. Bxf5 gxf5 35. Bxh4 Qd7 36. Qf4 Kf8 37. e6 Qe8 38. Rxf7+ 1-0

[Event "Salongernas Elo"]
[Site "Stockholm"]
[Date "1996.??.??"]
[Round "?"]
[White "Holving, Rasmus"]
[Black "Henriksson, Johan"]
[Result "0-1"]
[WhiteElo "2165"]
[BlackElo "2140"]
[PlyCount "82"]
[EventDate "1996.??.??"]
[EventType "tourn"]
[EventRounds "9"]
[EventCountry "SWE"]
[SourceTitle "EXT 1999"]
[Source "ChessBase"]
[SourceDate "1998.11.16"]
[SourceVersion "1"]
[SourceVersionDate "1998.11.16"]
[SourceQuality "1"]

1. e4 c6 2. d4 d5 3. Nd2 dxe4 4. Nxe4 Nd7 5. Nf3 Ngf6 6. Nxf6+ Nxf6 7. Ne5 Bf5 8. Bc4 e6 9. g4 Bg6 10. h4 Nd7 11. Bf4 Nxe5 12. Bxe5 f6 13. Bg3 Bd6 14. Bxe6 Bxg3 15. fxg3 Qd6 16. Kf2 Qxe6 17. Re1 Be4 18. Qe2 f5 19. gxf5 Qxf5+ 20. Kg1 0-0 21. Qxe4 Qf2+ 22. Kh1 Qxg3 23. Rf1 Rfe8 24. Qf4 Qxf4 25. Rxf4 Re2 26. c4 Rxb2 27. d5 cxd5 28. cxd5 Rd2 29. Rc1 Rxd5 30. Rc7 Rf8 31. Rg4 g6 32. Rxb7 Rd1+ 33. Kg2 Rd2+ 34. Kg3 Rxa2 35. h5 Rf7 36. Rb5 Kg7 37. Rc5 Ra3+ 38. Kh4 Rff3 39. hxg6 hxg6 40. Kg5 Rf7 41. Rd5 Rh3 0-1

[Event "Salongernas Elo"]
[Site "Stockholm"]
[Date "1996.??.??"]
[Round "?"]
[White "Livner, Anders"]
[Black "Holving, Rasmus"]
[Result "1-0"]
[WhiteElo "2080"]
[BlackElo "2165"]
[PlyCount "85"]
[EventDate "1996.??.??"]
[EventType "tourn"]
[EventRounds "9"]
[EventCountry "SWE"]
[SourceTitle "EXT 1999"]
[Source "ChessBase"]
[SourceDate "1998.11.16"]
[SourceVersion "1"]
[SourceVersionDate "1998.11.16"]
[SourceQuality "1"]

1. d4 Nf6 2. c4 e5 3. dxe5 Ng4 4. e3 Nxe5 5. Be2 Nbc6 6. Nf3 d6 7. 0-0 h5 8. Nc3 g5 9. Nxe5 Nxe5 10. f4 gxf4 11. exf4 Ng4 12. Qe1 Be7 13. f5 Ne5 14. Bf4 c6 15. c5 f6 16. Bxe5 dxe5 17. Ne4 Qd4+ 18. Kh1 Bd7 19. Rd1 Qxb2 20. Rb1 Qxa2 21. Rxb7 h4 22. Rf2 Qa4 23. Bg4 Bc8 24. Rb1 Bxc5 25. Rd2 Be7 26. Rbd1 Ba6 27. Ra1 Qb3 28. Rxa6 Bb4 29. Qd1 Qc4 30. Qe2 Qxe2 31. Rxe2 Rd8 32. Rb2 Rd4 33. Bf3 0-0 34. Rxc6 Rfd8 35. Kg1 Kg7 36. Rc7+ Kh6 37. Kf1 a5 38. Nxf6 a4 39. Rh7+ Kg5 40. Ne4+ Kxf5 41. Rh5+ Ke6 42. Rxh4 Kd5 43. Rc2 1-0